[Event "DEM U16 2020"]
[Site "Willingen GER"]
[Date "2020.10.20"]
[Round "1"]
[White "Köllner, Ruben Gideon"]
[Black "Hinrichs, Paul"]
[Result "1-0"]
[Termination "normal"]
[Board "1"]
[WhiteTitle "FM"]
[WhiteElo "2337"]
[BlackElo "2168"]
[WhiteClock "00:10:14"]
[BlackClock "00:13:49"]
[PlyCount "57"]
[WhiteFideId "12993093"]
[BlackFideId "12942545"]
[EventCountry "GER"]
[EventRounds "7"]
[EventType "swiss"]
[EventDate "2020.10.19"]

1. d4 {[%clk 1:30:55]} d5 {[%clk 1:30:55]} 2. c4 {[%clk 1:31:20]} c6 {[%clk
1:31:20]} 3. cxd5 {[%clk 1:31:46]} cxd5 {[%clk 1:31:46]} 4. Nc3 {[%clk
1:32:10]} Nf6 {[%clk 1:31:56]} 5. f3 {[%clk 1:32:34]} Bf5 {[%clk 1:22:39]} 6.
g4 {[%clk 1:32:44]} Bc8 {[%clk 1:13:31]} 7. g5 {[%clk 1:32:28]} Nh5 {[%clk
1:11:24]} 8. e4 {[%clk 1:30:23]} e6 {[%clk 1:10:19]} 9. f4 {[%clk 1:27:31]} g6
{[%clk 1:10:27]} 10. e5 {[%clk 1:26:28]} h6 {[%clk 1:07:08]} 11. Nge2 {[%clk
1:16:07]} Nc6 {[%clk 1:02:23]} 12. Be3 {[%clk 1:10:47]} a6 {[%clk 0:59:43]} 13.
Bg2 {[%clk 1:07:25]} Ng7 {[%clk 0:44:18]} 14. Ng3 {[%clk 1:07:05]} hxg5 {[%clk
0:40:29]} 15. fxg5 {[%clk 1:07:28]} Rh4 {[%clk 0:39:20]} 16. O-O {[%clk
1:01:35]} Ne7 {[%clk 0:38:19]} 17. Qe1 {[%clk 0:56:41]} Bd7 {[%clk 0:34:07]}
18. a4 {[%clk 0:47:51]} Rh7 {[%clk 0:28:56]} 19. Be4 {[%clk 0:27:24]} b5 {[%clk
0:20:59]} 20. axb5 {[%clk 0:24:36]} axb5 {[%clk 0:20:30]} 21. Rxa8 {[%clk
0:18:42]} Qxa8 {[%clk 0:20:54]} 22. Bd3 {[%clk 0:17:16]} Qb7 {[%clk 0:18:31]}
23. Qe2 {[%clk 0:14:32]} b4 {[%clk 0:16:55]} 24. Nb5 {[%clk 0:14:26]} Nef5
{[%clk 0:17:10]} 25. Ra1 {[%clk 0:13:02]} Nxg3 {[%clk 0:15:20]} 26. hxg3 {[%clk
0:13:21]} Nf5 {[%clk 0:14:08]} 27. Ra7 {[%clk 0:12:04]} Qb6 {[%clk 0:13:39]}
28. Ra8+ {[%clk 0:12:25]} Ke7 {[%clk 0:13:49]} 29. Qd2 {[%clk 0:10:14]} 1-0

[Event "DEM U16 2020"]
[Site "Willingen GER"]
[Date "2020.10.20"]
[Round "1"]
[White "Lohr, Maximilian"]
[Black "Kölle, Tobias"]
[Result "0-1"]
[Termination "normal"]
[Board "2"]
[WhiteElo "2108"]
[BlackElo "2323"]
[WhiteClock "00:33:21"]
[BlackClock "00:28:06"]
[PlyCount "57"]
[WhiteFideId "12999717"]
[BlackFideId "16207378"]
[EventCountry "GER"]
[EventRounds "7"]
[EventType "swiss"]
[EventDate "2020.10.19"]

1. e4 {[%clk 1:30:58]} c5 {[%clk 1:30:56]} 2. Nf3 {[%clk 1:31:20]} d6 {[%clk
1:31:22]} 3. d4 {[%clk 1:31:46]} cxd4 {[%clk 1:31:48]} 4. Nxd4 {[%clk 1:32:10]}
Nf6 {[%clk 1:32:05]} 5. Nc3 {[%clk 1:32:37]} a6 {[%clk 1:32:31]} 6. Bg5 {[%clk
1:32:39]} Nbd7 {[%clk 1:32:57]} 7. f4 {[%clk 1:33:01]} Qc7 {[%clk 1:33:01]} 8.
Qe2 {[%clk 1:29:56]} e5 {[%clk 1:27:26]} 9. Nf5 {[%clk 1:28:07]} h6 {[%clk
1:21:05]} 10. fxe5 {[%clk 1:22:03]} dxe5 {[%clk 1:16:20]} 11. Bd2 {[%clk
1:18:02]} b5 {[%clk 1:06:40]} 12. a3 {[%clk 1:16:25]} Bb7 {[%clk 0:58:35]} 13.
g4 {[%clk 1:15:04]} g6 {[%clk 0:53:41]} 14. Ne3 {[%clk 1:14:48]} Nb6 {[%clk
0:45:16]} 15. Bg2 {[%clk 1:14:50]} Bg7 {[%clk 0:43:47]} 16. O-O-O {[%clk
1:13:27]} O-O {[%clk 0:40:02]} 17. Ned5 {[%clk 1:11:35]} Nfxd5 {[%clk 0:39:19]}
18. Nxd5 {[%clk 1:11:56]} Bxd5 {[%clk 0:32:16]} 19. exd5 {[%clk 1:12:14]} e4
{[%clk 0:31:47]} 20. Bxe4 {[%clk 0:57:55]} Nc4 {[%clk 0:31:18]} 21. c3 {[%clk
0:57:04]} Rac8 {[%clk 0:31:16]} 22. Bd3 {[%clk 0:50:04]} Rfe8 {[%clk 0:31:23]}
23. Qf2 {[%clk 0:43:25]} a5 {[%clk 0:29:38]} 24. Rhf1 {[%clk 0:41:21]} Nxd2
{[%clk 0:29:00]} 25. Qxd2 {[%clk 0:40:17]} b4 {[%clk 0:29:12]} 26. axb4 {[%clk
0:36:22]} axb4 {[%clk 0:27:59]} 27. c4 {[%clk 0:36:47]} Qa5 {[%clk 0:28:12]}
28. Rf4 {[%clk 0:33:21]} g5 {[%clk 0:28:06]} 29. Rff1 0-1

[Event "DEM U16 2020"]
[Site "Willingen GER"]
[Date "2020.10.20"]
[Round "1"]
[White "Dobrikov, Marco"]
[Black "Hommel, Niclas"]
[Result "1-0"]
[Termination "normal"]
[Board "3"]
[WhiteElo "2332"]
[BlackElo "2047"]
[WhiteClock "00:48:43"]
[BlackClock "00:08:32"]
[PlyCount "63"]
[WhiteFideId "12950378"]
[BlackFideId "12974927"]
[EventCountry "GER"]
[EventRounds "7"]
[EventType "swiss"]
[EventDate "2020.10.19"]

1. e4 {[%clk 1:30:56]} c5 {[%clk 1:30:55]} 2. Nf3 {[%clk 1:31:21]} e6 {[%clk
1:31:21]} 3. d4 {[%clk 1:31:47]} cxd4 {[%clk 1:31:47]} 4. Nxd4 {[%clk 1:32:14]}
Nc6 {[%clk 1:32:11]} 5. Nc3 {[%clk 1:32:33]} Qc7 {[%clk 1:32:36]} 6. Be3 {[%clk
1:32:42]} a6 {[%clk 1:32:56]} 7. Bd3 {[%clk 1:32:57]} Nf6 {[%clk 1:33:21]} 8.
O-O {[%clk 1:32:51]} Ne5 {[%clk 1:33:48]} 9. Be2 {[%clk 1:32:15]} b5 {[%clk
1:17:55]} 10. f4 {[%clk 1:31:26]} Nc4 {[%clk 1:16:32]} 11. Bxc4 {[%clk
1:31:49]} Qxc4 {[%clk 1:16:58]} 12. e5 {[%clk 1:32:04]} Nd5 {[%clk 1:13:55]}
13. Nxd5 {[%clk 1:32:21]} Qxd5 {[%clk 1:14:18]} 14. Qe2 {[%clk 1:29:45]} Bb7
{[%clk 0:49:18]} 15. Rad1 {[%clk 1:24:24]} g6 {[%clk 0:45:57]} 16. Nb3 {[%clk
1:17:27]} Qc4 {[%clk 0:45:56]} 17. Qf2 {[%clk 1:17:34]} Bd5 {[%clk 0:39:18]}
18. Rd4 {[%clk 1:11:05]} Qc6 {[%clk 0:39:42]} 19. Na5 {[%clk 1:01:11]} Qc7
{[%clk 0:40:07]} 20. Rxd5 {[%clk 1:00:02]} exd5 {[%clk 0:40:16]} 21. Bb6 {[%clk
1:00:00]} Qb8 {[%clk 0:40:41]} 22. Bd4 {[%clk 0:58:41]} Bb4 {[%clk 0:31:23]}
23. Nb3 {[%clk 0:56:56]} O-O {[%clk 0:30:53]} 24. f5 {[%clk 0:55:39]} d6 {[%clk
0:21:26]} 25. Qf4 {[%clk 0:54:53]} dxe5 {[%clk 0:13:36]} 26. Bxe5 {[%clk
0:55:17]} Qb7 {[%clk 0:14:03]} 27. Qxb4 {[%clk 0:55:19]} Rfe8 {[%clk 0:12:19]}
28. Qf4 {[%clk 0:55:13]} Qe7 {[%clk 0:12:23]} 29. Bd4 {[%clk 0:55:03]} Rac8
{[%clk 0:11:50]} 30. c3 {[%clk 0:51:37]} Qf8 {[%clk 0:09:04]} 31. Qh4 {[%clk
0:48:24]} Re4 {[%clk 0:08:32]} 32. Qf6 {[%clk 0:48:43]} 1-0

[Event "DEM U16 2020"]
[Site "Willingen GER"]
[Date "2020.10.20"]
[Round "1"]
[White "Pahl, Erik"]
[Black "Pubantz, Jan"]
[Result "1-0"]
[Termination "normal"]
[Board "4"]
[WhiteElo "2097"]
[BlackElo "2295"]
[WhiteClock "00:42:55"]
[BlackClock "00:15:57"]
[PlyCount "119"]
[WhiteFideId "16201272"]
[BlackFideId "12996114"]
[EventCountry "GER"]
[EventRounds "7"]
[EventType "swiss"]
[EventDate "2020.10.19"]

1. e4 {[%clk 1:30:52]} c6 {[%clk 1:30:54]} 2. Nc3 {[%clk 1:31:14]} d5 {[%clk
1:31:20]} 3. Nf3 {[%clk 1:31:31]} dxe4 {[%clk 1:29:07]} 4. Nxe4 {[%clk
1:31:53]} Nf6 {[%clk 1:29:30]} 5. Qe2 {[%clk 1:32:17]} Nxe4 {[%clk 1:29:16]} 6.
Qxe4 {[%clk 1:32:40]} Qd5 {[%clk 1:14:58]} 7. Qf4 {[%clk 1:32:45]} Qf5 {[%clk
1:15:11]} 8. Qe3 {[%clk 1:32:58]} Qe6 {[%clk 1:14:12]} 9. b3 {[%clk 1:32:45]}
Qxe3+ {[%clk 1:13:05]} 10. fxe3 {[%clk 1:33:08]} Nd7 {[%clk 1:02:12]} 11. Bb2
{[%clk 1:30:32]} Nf6 {[%clk 0:58:19]} 12. O-O-O {[%clk 1:28:01]} g6 {[%clk
0:56:38]} 13. e4 {[%clk 1:22:52]} Bh6 {[%clk 0:45:49]} 14. e5 {[%clk 1:18:43]}
Nd5 {[%clk 0:40:23]} 15. g3 {[%clk 1:12:31]} Bf5 {[%clk 0:37:47]} 16. a3 {[%clk
1:07:53]} Rd8 {[%clk 0:31:51]} 17. Bg2 {[%clk 1:05:30]} O-O {[%clk 0:29:09]}
18. Nd4 {[%clk 0:52:13]} Bg4 {[%clk 0:27:39]} 19. Rde1 {[%clk 0:46:23]} c5
{[%clk 0:21:09]} 20. h3 {[%clk 0:45:58]} Bc8 {[%clk 0:15:59]} 21. Nf3 {[%clk
0:43:48]} b5 {[%clk 0:15:56]} 22. Re2 {[%clk 0:37:11]} c4 {[%clk 0:08:20]} 23.
Kb1 {[%clk 0:30:23]} cxb3 {[%clk 0:07:41]} 24. cxb3 {[%clk 0:30:37]} Bf5+
{[%clk 0:08:05]} 25. Ka2 {[%clk 0:30:14]} e6 {[%clk 0:03:29]} 26. Ne1 {[%clk
0:26:55]} g5 {[%clk 0:02:18]} 27. Be4 {[%clk 0:25:03]} Bxe4 {[%clk 0:02:45]}
28. Rxe4 {[%clk 0:25:22]} Rc8 {[%clk 0:02:53]} 29. h4 {[%clk 0:20:29]} gxh4
{[%clk 0:02:00]} 30. Rexh4 {[%clk 0:12:07]} Bg7 {[%clk 0:02:01]} 31. Rxh7
{[%clk 0:12:08]} Ne7 {[%clk 0:02:13]} 32. d4 {[%clk 0:10:50]} Rfd8 {[%clk
0:02:01]} 33. R7h2 {[%clk 0:10:37]} Nf5 {[%clk 0:01:55]} 34. Nf3 {[%clk
0:09:54]} Nxg3 {[%clk 0:02:20]} 35. Rg1 {[%clk 0:09:35]} Nf5 {[%clk 0:02:45]}
36. Nh4 {[%clk 0:08:37]} Nxh4 {[%clk 0:00:35]} 37. Rxh4 {[%clk 0:09:00]} Kf8
{[%clk 0:00:32]} 38. Rh7 {[%clk 0:09:17]} Rc2 {[%clk 0:00:53]} 39. Kb1 {[%clk
0:08:34]} Rf2 {[%clk 0:00:36]} 40. Rhxg7 {[%clk 0:08:51]} Rd7 {[%clk 0:00:55]}
41. R7g2 {[%clk 0:08:54]} Rf3 {[%clk 0:25:27]} 42. Rg3 {[%clk 0:39:46]} Rf2
{[%clk 0:25:33]} 43. Rc1 {[%clk 0:40:00]} f6 {[%clk 0:22:27]} 44. Rcg1 {[%clk
0:39:30]} fxe5 {[%clk 0:21:11]} 45. Rg8+ {[%clk 0:39:36]} Ke7 {[%clk 0:21:08]}
46. R1g7+ {[%clk 0:39:59]} Rf7 {[%clk 0:20:51]} 47. dxe5 {[%clk 0:40:23]} Rd3
{[%clk 0:15:16]} 48. Kc2 {[%clk 0:40:28]} Rd5 {[%clk 0:14:57]} 49. Bc3 {[%clk
0:40:28]} a5 {[%clk 0:14:51]} 50. Bxa5 {[%clk 0:40:15]} Rxg7 {[%clk 0:13:54]}
51. Rxg7+ {[%clk 0:40:39]} Kf8 {[%clk 0:14:00]} 52. Rg5 {[%clk 0:41:01]} Kf7
{[%clk 0:14:07]} 53. Bc3 {[%clk 0:41:15]} Ke7 {[%clk 0:13:57]} 54. Rg7+ {[%clk
0:41:29]} Ke8 {[%clk 0:14:09]} 55. a4 {[%clk 0:41:10]} bxa4 {[%clk 0:14:32]}
56. bxa4 {[%clk 0:41:27]} Kd8 {[%clk 0:14:50]} 57. a5 {[%clk 0:41:51]} Rd7
{[%clk 0:15:05]} 58. Rxd7+ {[%clk 0:42:06]} Kxd7 {[%clk 0:15:31]} 59. Kd3
{[%clk 0:42:30]} Kc6 {[%clk 0:15:57]} 60. Kc4 {[%clk 0:42:55]} 1-0

[Event "DEM U16 2020"]
[Site "Willingen GER"]
[Date "2020.10.20"]
[Round "1"]
[White "Nguyen, Alex Dac-Vuong"]
[Black "Lohvinov, Petro"]
[Result "1/2-1/2"]
[Termination "normal"]
[Board "5"]
[WhiteTitle "FM"]
[WhiteElo "2343"]
[BlackElo "2152"]
[WhiteClock "00:03:25"]
[BlackClock "00:07:56"]
[PlyCount "108"]
[WhiteFideId "12984388"]
[BlackFideId "14176661"]
[EventCountry "GER"]
[EventRounds "7"]
[EventType "swiss"]
[EventDate "2020.10.19"]

1. e4 {[%clk 1:30:55]} e5 {[%clk 1:30:52]} 2. Nf3 {[%clk 1:31:18]} Nc6 {[%clk
1:31:17]} 3. Bb5 {[%clk 1:31:41]} a6 {[%clk 1:31:41]} 4. Ba4 {[%clk 1:32:05]}
d6 {[%clk 1:31:58]} 5. O-O {[%clk 1:32:17]} Bd7 {[%clk 1:32:07]} 6. c3 {[%clk
1:29:35]} Nge7 {[%clk 1:32:00]} 7. d4 {[%clk 1:27:43]} Ng6 {[%clk 1:31:22]} 8.
Re1 {[%clk 1:26:44]} Be7 {[%clk 1:31:40]} 9. Nbd2 {[%clk 1:13:28]} O-O {[%clk
1:30:56]} 10. Nf1 {[%clk 1:11:45]} Bg4 {[%clk 1:30:35]} 11. Bxc6 {[%clk
1:07:22]} bxc6 {[%clk 1:22:28]} 12. Ne3 {[%clk 1:04:47]} Be6 {[%clk 0:55:49]}
13. Qa4 {[%clk 0:53:05]} exd4 {[%clk 0:42:14]} 14. cxd4 {[%clk 0:51:41]} Bd7
{[%clk 0:41:47]} 15. Qc2 {[%clk 0:48:55]} Nh4 {[%clk 0:37:14]} 16. Nxh4 {[%clk
0:47:10]} Bxh4 {[%clk 0:37:42]} 17. b3 {[%clk 0:45:38]} Bf6 {[%clk 0:29:34]}
18. Bb2 {[%clk 0:45:55]} Re8 {[%clk 0:29:20]} 19. Nc4 {[%clk 0:42:24]} d5
{[%clk 0:16:44]} 20. Na5 {[%clk 0:34:58]} dxe4 {[%clk 0:12:10]} 21. Rxe4 {[%clk
0:35:06]} Rxe4 {[%clk 0:12:11]} 22. Qxe4 {[%clk 0:35:26]} Qe8 {[%clk 0:11:35]}
23. Qc2 {[%clk 0:29:18]} Qe6 {[%clk 0:10:57]} 24. Nc4 {[%clk 0:24:24]} Re8
{[%clk 0:08:15]} 25. Ne5 {[%clk 0:23:30]} Qd5 {[%clk 0:07:39]} 26. Re1 {[%clk
0:17:49]} c5 {[%clk 0:02:12]} 27. Qxc5 {[%clk 0:17:28]} Qxc5 {[%clk 0:02:38]}
28. dxc5 {[%clk 0:17:53]} Bxe5 {[%clk 0:02:51]} 29. Rxe5 {[%clk 0:17:25]} Rxe5
{[%clk 0:03:16]} 30. Bxe5 {[%clk 0:17:51]} c6 {[%clk 0:03:40]} 31. Kf1 {[%clk
0:16:26]} f6 {[%clk 0:04:04]} 32. Bd6 {[%clk 0:16:53]} Kf7 {[%clk 0:04:28]} 33.
Ke2 {[%clk 0:17:19]} Ke6 {[%clk 0:04:44]} 34. Ke3 {[%clk 0:16:39]} Kd5 {[%clk
0:01:24]} 35. Bf8 {[%clk 0:16:56]} g6 {[%clk 0:01:45]} 36. Be7 {[%clk 0:17:20]}
Bf5 {[%clk 0:00:33]} 37. b4 {[%clk 0:11:08]} Kc4 {[%clk 0:00:33]} 38. a3 {[%clk
0:11:33]} Kb3 {[%clk 0:00:35]} 39. Kd4 {[%clk 0:06:57]} Kxa3 {[%clk 0:00:42]}
40. Kc3 {[%clk 0:07:24]} Ka4 {[%clk 0:00:40]} 41. Bxf6 {[%clk 0:07:43]} a5
{[%clk 0:24:54]} 42. bxa5 {[%clk 0:38:31]} Kxa5 {[%clk 0:25:17]} 43. Be7 {[%clk
0:32:27]} Ka6 {[%clk 0:24:05]} 44. f3 {[%clk 0:31:34]} h5 {[%clk 0:24:26]} 45.
h3 {[%clk 0:29:35]} Kb7 {[%clk 0:23:38]} 46. Kd4 {[%clk 0:15:22]} Kc8 {[%clk
0:22:15]} 47. Ke5 {[%clk 0:05:12]} Kd7 {[%clk 0:15:22]} 48. Bd6 {[%clk
0:04:49]} Bd3 {[%clk 0:15:06]} 49. g4 {[%clk 0:03:15]} Bf1 {[%clk 0:08:23]} 50.
h4 {[%clk 0:02:40]} Be2 {[%clk 0:07:12]} 51. gxh5 {[%clk 0:02:16]} gxh5 {[%clk
0:07:35]} 52. f4 {[%clk 0:02:43]} Ke8 {[%clk 0:07:30]} 53. f5 {[%clk 0:03:00]}
Kf7 {[%clk 0:07:36]} 54. f6 {[%clk 0:03:25]} Bf3 {[%clk 0:07:56]} 1/2-1/2

[Event "DEM U16 2020"]
[Site "Willingen GER"]
[Date "2020.10.20"]
[Round "1"]
[White "Khachatryan, Taron"]
[Black "Fromm, Marius"]
[Result "1/2-1/2"]
[Termination "normal"]
[Board "6"]
[WhiteElo "2136"]
[BlackElo "2190"]
[WhiteClock "00:02:58"]
[BlackClock "00:00:32"]
[PlyCount "75"]
[WhiteFideId "16216598"]
[BlackFideId "12993190"]
[EventCountry "GER"]
[EventRounds "7"]
[EventType "swiss"]
[EventDate "2020.10.19"]

1. Nf3 {[%clk 1:30:51]} c5 {[%clk 1:30:42]} 2. c4 {[%clk 1:30:59]} Nc6 {[%clk
1:31:02]} 3. Nc3 {[%clk 1:30:37]} Nf6 {[%clk 1:31:05]} 4. e3 {[%clk 1:30:56]}
e6 {[%clk 1:31:21]} 5. d4 {[%clk 1:31:14]} d5 {[%clk 1:31:45]} 6. a3 {[%clk
1:31:30]} a6 {[%clk 1:31:35]} 7. dxc5 {[%clk 1:31:49]} Bxc5 {[%clk 1:31:55]} 8.
b4 {[%clk 1:31:59]} Ba7 {[%clk 1:32:20]} 9. Bb2 {[%clk 1:31:55]} O-O {[%clk
1:32:36]} 10. cxd5 {[%clk 1:31:58]} exd5 {[%clk 1:32:56]} 11. Be2 {[%clk
1:31:54]} Be6 {[%clk 1:16:27]} 12. O-O {[%clk 1:28:40]} Qe7 {[%clk 1:13:21]}
13. b5 Na5 {[%clk 1:03:25]} 14. a4 {[%clk 1:18:45]} Rfd8 {[%clk 0:48:44]} 15.
Nd4 {[%clk 1:15:23]} Nc4 {[%clk 0:47:47]} 16. Bxc4 {[%clk 1:11:23]} dxc4 {[%clk
0:48:00]} 17. bxa6 {[%clk 1:08:56]} Bxd4 {[%clk 0:44:37]} 18. exd4 {[%clk
1:08:07]} Rxa6 {[%clk 0:43:55]} 19. Qf3 {[%clk 1:05:00]} Bd5 {[%clk 0:35:13]}
20. Qf4 {[%clk 1:00:08]} Re6 {[%clk 0:32:41]} 21. f3 {[%clk 0:55:43]} Bc6
{[%clk 0:28:21]} 22. Ba3 {[%clk 0:46:56]} Qd7 {[%clk 0:25:49]} 23. Bc5 {[%clk
0:45:58]} Rde8 {[%clk 0:24:20]} 24. Qd2 {[%clk 0:34:30]} Nd5 {[%clk 0:16:50]}
25. Nxd5 {[%clk 0:33:22]} Bxd5 {[%clk 0:13:48]} 26. a5 {[%clk 0:27:33]} Re2
{[%clk 0:14:00]} 27. Qf4 {[%clk 0:26:15]} c3 {[%clk 0:09:20]} 28. Bb4 {[%clk
0:11:40]} Qc6 {[%clk 0:06:38]} 29. Qd6 {[%clk 0:09:38]} Qc4 {[%clk 0:04:56]}
30. Qc5 {[%clk 0:09:47]} c2 {[%clk 0:03:13]} 31. Qxc4 {[%clk 0:07:27]} Bxc4
{[%clk 0:03:40]} 32. Rfc1 {[%clk 0:05:05]} f6 {[%clk 0:01:09]} 33. Ra3 {[%clk
0:05:12]} Kf7 {[%clk 0:01:12]} 34. h3 {[%clk 0:03:29]} Bd5 {[%clk 0:00:52]} 35.
Kf1 {[%clk 0:01:47]} Bc4 {[%clk 0:01:08]} 36. Kg1 {[%clk 0:02:11]} Bd5 {[%clk
0:00:48]} 37. Kf1 {[%clk 0:02:37]} Bc4 {[%clk 0:00:32]} 38. Kg1 {[%clk
0:02:58]} 1/2-1/2

[Event "DEM U16 2020"]
[Site "Willingen GER"]
[Date "2020.10.20"]
[Round "1"]
[White "Kolb, Tobias"]
[Black "Reimer, Philip"]
[Result "1-0"]
[Termination "normal"]
[Board "7"]
[WhiteElo "2268"]
[BlackElo "1984"]
[WhiteClock "00:32:50"]
[BlackClock "00:00:45"]
[PlyCount "51"]
[WhiteFideId "12992321"]
[BlackFideId "16235860"]
[EventCountry "GER"]
[EventRounds "7"]
[EventType "swiss"]
[EventDate "2020.10.19"]

1. e4 {[%clk 1:30:57]} c5 {[%clk 1:30:51]} 2. Nc3 {[%clk 1:31:23]} Nc6 {[%clk
1:31:17]} 3. Bb5 {[%clk 1:31:22]} g6 {[%clk 1:29:46]} 4. Bxc6 {[%clk 1:30:45]}
dxc6 {[%clk 1:30:03]} 5. d3 {[%clk 1:31:10]} Bg7 {[%clk 1:29:55]} 6. f4 {[%clk
1:31:05]} Nf6 {[%clk 1:10:58]} 7. Nf3 {[%clk 1:31:04]} O-O {[%clk 1:10:53]} 8.
O-O {[%clk 1:31:03]} b6 {[%clk 1:04:35]} 9. Qe1 {[%clk 1:27:49]} a5 {[%clk
0:53:39]} 10. Qh4 {[%clk 1:16:35]} a4 {[%clk 0:47:11]} 11. a3 {[%clk 1:05:43]}
Ra5 {[%clk 0:35:14]} 12. f5 {[%clk 0:56:42]} c4 {[%clk 0:27:33]} 13. e5 {[%clk
0:53:47]} Nd5 {[%clk 0:26:44]} 14. fxg6 {[%clk 0:45:47]} fxg6 {[%clk 0:08:19]}
15. Bh6 {[%clk 0:36:19]} Nxc3 {[%clk 0:03:56]} 16. bxc3 {[%clk 0:36:36]} Rxf3
{[%clk 0:01:24]} 17. Rxf3 {[%clk 0:36:30]} Rxe5 {[%clk 0:01:32]} 18. Bxg7
{[%clk 0:36:12]} Kxg7 {[%clk 0:01:59]} 19. Raf1 {[%clk 0:36:24]} Be6 {[%clk
0:01:28]} 20. Qf2 {[%clk 0:34:52]} Qd6 {[%clk 0:00:55]} 21. Qxb6 {[%clk
0:33:17]} Rh5 {[%clk 0:00:43]} 22. h3 {[%clk 0:32:20]} cxd3 {[%clk 0:00:35]}
23. cxd3 {[%clk 0:31:46]} Qc5+ {[%clk 0:00:33]} 24. Qxc5 {[%clk 0:32:05]} Rxc5
{[%clk 0:00:54]} 25. Re3 {[%clk 0:32:26]} Bf5 {[%clk 0:00:45]} 26. g4 {[%clk
0:32:50]} 1-0

[Event "DEM U16 2020"]
[Site "Willingen GER"]
[Date "2020.10.20"]
[Round "1"]
[White "Simukov, Erik"]
[Black "Dahl, Christoph"]
[Result "1-0"]
[Termination "normal"]
[Board "8"]
[WhiteElo "2012"]
[BlackElo "2262"]
[WhiteClock "00:09:28"]
[BlackClock "00:10:48"]
[PlyCount "73"]
[WhiteFideId "12995380"]
[BlackFideId "16240235"]
[EventCountry "GER"]
[EventRounds "7"]
[EventType "swiss"]
[EventDate "2020.10.19"]

1. e4 {[%clk 1:30:57]} c5 {[%clk 1:30:47]} 2. Nf3 {[%clk 1:31:21]} d6 {[%clk
1:30:49]} 3. d4 {[%clk 1:31:43]} cxd4 {[%clk 1:30:36]} 4. Nxd4 {[%clk 1:32:03]}
Nf6 {[%clk 1:30:23]} 5. Nc3 {[%clk 1:32:20]} a6 {[%clk 1:30:03]} 6. Be2 {[%clk
1:32:30]} e6 {[%clk 1:29:22]} 7. O-O {[%clk 1:32:17]} Qc7 {[%clk 1:28:48]} 8.
f4 {[%clk 1:29:16]} b5 {[%clk 1:27:07]} 9. Bf3 {[%clk 1:23:28]} Bb7 {[%clk
1:26:41]} 10. e5 {[%clk 1:18:34]} dxe5 {[%clk 1:24:10]} 11. fxe5 {[%clk
1:16:50]} Nfd7 {[%clk 1:24:11]} 12. Bxb7 {[%clk 1:11:46]} Qxb7 {[%clk 1:24:34]}
13. Bf4 {[%clk 0:56:38]} Bc5 {[%clk 1:20:27]} 14. Kh1 {[%clk 0:56:38]} O-O
{[%clk 1:18:56]} 15. Nf3 {[%clk 0:52:48]} Nc6 {[%clk 1:13:22]} 16. Ne4 {[%clk
0:50:48]} Be7 {[%clk 1:06:07]} 17. Qe1 {[%clk 0:45:33]} Rfd8 {[%clk 0:53:54]}
18. Qg3 {[%clk 0:43:39]} Nd4 {[%clk 0:39:37]} 19. Nd6 {[%clk 0:18:30]} Bxd6
{[%clk 0:38:53]} 20. Nxd4 {[%clk 0:18:03]} Be7 {[%clk 0:27:38]} 21. Bh6 {[%clk
0:15:52]} Bf8 {[%clk 0:27:50]} 22. Bg5 {[%clk 0:16:00]} Re8 {[%clk 0:27:19]}
23. Qf4 {[%clk 0:15:40]} Nb6 {[%clk 0:26:13]} 24. Rf3 {[%clk 0:15:40]} Nd5
{[%clk 0:24:30]} 25. Qg4 {[%clk 0:14:07]} Bc5 {[%clk 0:13:47]} 26. Bh6 {[%clk
0:09:10]} g6 {[%clk 0:13:44]} 27. Bg5 {[%clk 0:09:11]} Bxd4 {[%clk 0:12:28]}
28. Qxd4 {[%clk 0:09:35]} f5 {[%clk 0:12:31]} 29. exf6 {[%clk 0:09:42]} Kf7
{[%clk 0:12:12]} 30. Qh4 {[%clk 0:09:17]} h5 {[%clk 0:12:25]} 31. Bh6 {[%clk
0:08:39]} Rac8 {[%clk 0:12:25]} 32. Qg5 {[%clk 0:08:21]} Rxc2 {[%clk 0:11:42]}
33. Rg3 {[%clk 0:08:39]} Rg8 {[%clk 0:12:04]} 34. Bg7 {[%clk 0:08:41]} Ne7
{[%clk 0:11:18]} 35. fxe7 {[%clk 0:09:02]} Rxg7 {[%clk 0:10:54]} 36. Rf3+
{[%clk 0:09:06]} Ke8 {[%clk 0:10:48]} 37. Rf8+ {[%clk 0:09:28]} 1-0

[Event "DEM U16 2020"]
[Site "Willingen GER"]
[Date "2020.10.20"]
[Round "1"]
[White "Weihrauch, Jakob"]
[Black "Skabs, Denis"]
[Result "0-1"]
[Termination "normal"]
[Board "9"]
[WhiteElo "2184"]
[BlackElo "1875"]
[WhiteClock "00:31:42"]
[BlackClock "00:19:31"]
[PlyCount "96"]
[WhiteFideId "16210115"]
[BlackFideId "16248449"]
[EventCountry "GER"]
[EventRounds "7"]
[EventType "swiss"]
[EventDate "2020.10.19"]

1. e4 {[%clk 1:30:57]} e5 {[%clk 1:30:55]} 2. Nf3 {[%clk 1:31:18]} Nc6 {[%clk
1:31:21]} 3. Bb5 {[%clk 1:31:29]} Nge7 {[%clk 1:31:40]} 4. d4 {[%clk 1:29:55]}
exd4 {[%clk 1:32:03]} 5. Nxd4 {[%clk 1:30:18]} g6 {[%clk 1:30:16]} 6. Be3
{[%clk 1:29:07]} Bg7 {[%clk 1:29:43]} 7. c4 {[%clk 1:27:04]} O-O {[%clk
1:24:19]} 8. Nc3 {[%clk 1:26:05]} d6 {[%clk 1:22:17]} 9. Bxc6 {[%clk 1:23:40]}
bxc6 {[%clk 1:20:21]} 10. O-O {[%clk 1:22:10]} Rb8 {[%clk 1:11:36]} 11. Qd2
{[%clk 1:20:37]} Ba6 {[%clk 1:10:43]} 12. b3 {[%clk 1:17:50]} d5 {[%clk
0:57:06]} 13. exd5 {[%clk 1:17:14]} cxd5 {[%clk 0:56:52]} 14. Na4 {[%clk
1:09:37]} dxc4 {[%clk 0:53:56]} 15. Rfc1 {[%clk 1:08:31]} Qd6 {[%clk 0:48:26]}
16. bxc4 {[%clk 0:51:31]} c5 {[%clk 0:43:12]} 17. Nxc5 {[%clk 0:46:44]} Qxc5
{[%clk 0:41:25]} 18. Ne6 {[%clk 0:44:05]} Qb4 {[%clk 0:36:29]} 19. Nxf8 {[%clk
0:31:56]} Qxd2 {[%clk 0:34:04]} 20. Bxd2 {[%clk 0:31:37]} Bxa1 {[%clk 0:32:49]}
21. Nd7 {[%clk 0:30:39]} Rd8 {[%clk 0:31:39]} 22. Nc5 {[%clk 0:29:20]} Rxd2
{[%clk 0:30:48]} 23. Nxa6 {[%clk 0:29:42]} Bb2 {[%clk 0:30:27]} 24. Rb1 {[%clk
0:29:19]} Rc2 {[%clk 0:30:26]} 25. c5 {[%clk 0:29:19]} Rc1+ {[%clk 0:30:22]}
26. Rxc1 {[%clk 0:29:40]} Bxc1 {[%clk 0:30:47]} 27. Kf1 {[%clk 0:29:37]} Kf8
{[%clk 0:25:53]} 28. Ke2 {[%clk 0:29:47]} Ke8 {[%clk 0:25:08]} 29. Kd3 {[%clk
0:29:40]} Kd7 {[%clk 0:25:09]} 30. Kc4 {[%clk 0:30:06]} Nc6 {[%clk 0:24:57]}
31. Kd5 {[%clk 0:30:29]} Bd2 {[%clk 0:24:55]} 32. a3 {[%clk 0:30:45]} Bc1
{[%clk 0:24:09]} 33. Nb4 {[%clk 0:30:30]} Nxb4+ {[%clk 0:24:04]} 34. axb4
{[%clk 0:30:55]} a6 {[%clk 0:24:18]} 35. g3 {[%clk 0:30:19]} Bd2 {[%clk
0:20:15]} 36. Kc4 {[%clk 0:30:00]} Kc6 {[%clk 0:20:27]} 37. f4 {[%clk 0:29:37]}
f5 {[%clk 0:17:49]} 38. h3 {[%clk 0:30:02]} h5 {[%clk 0:16:27]} 39. Kd4 {[%clk
0:30:05]} Be1 {[%clk 0:16:32]} 40. Ke5 {[%clk 0:30:18]} Bxg3 {[%clk 0:16:52]}
41. Kf6 {[%clk 0:30:39]} Bxf4 {[%clk 0:17:09]} 42. Kxg6 {[%clk 0:31:03]} h4
{[%clk 0:17:33]} 43. Kxf5 {[%clk 0:31:28]} Bg3 {[%clk 0:17:35]} 44. Ke6 {[%clk
0:31:37]} Kb5 {[%clk 0:17:52]} 45. Kd7 {[%clk 0:30:38]} Kxb4 {[%clk 0:18:14]}
46. c6 {[%clk 0:30:51]} a5 {[%clk 0:18:39]} 47. c7 {[%clk 0:31:17]} Bxc7 {[%clk
0:19:04]} 48. Kxc7 {[%clk 0:31:42]} a4 {[%clk 0:19:31]} 0-1